000 00847cam a2200241 4500
008 000000n2002 000 0 eng u
020 _a0421590408
035 _a(Sirsi) u108297
041 _aeng.
050 _a346.4104675
100 _aMynors, C.
245 4 _aThe law of trees, forests and hedgerows
260 _aLondon
_bSweet & Maxwell
_c2002
300 _alxxii,681p
_c26cm.
350 _a75.00
520 _aDeals with the property, planning and environmental implications arising from all aspects of forestry and trees. The work is divided into five main sections that deal with the general law, forestry, protection of trees under planning legislation, other forms of protection, and precedents.
650 _aLAW
650 _aFORESTS
650 _aTREES
650 _aHEDGEROWS
690 _aRural
_96268
942 _n0
999 _c100768
_d100768